000 00301nam a22001337a 4500
008 171010b xxu||||| |||| 00| 0 eng d
020 _a9780534588243
041 _aeng
080 _22ND
_a316
100 _a50
101 _aSOC
245 _aTHE ESSENTIALS SOCIOLOGY
_cANDERSEN,M.L
942 _2udc
_cBK
999 _c32934
_d32934